00314nam a2200109Ia 4500008004100000020001800041040002900059050002400088100002100112245003800133260003300171221216s9999||||xx |||||||||||||| ||und|| a9780333964392 cChuka University Library aJQ 1872 b.T67 2002 aTordoff, William 0aGovernment and politics in Africa aMcmillan PressbLondonc2002